000 01431nam a2200349 c 4500
003 BLK
005 20180422115429.0
008 180411b bul|||||r ||||||| ||bul||
010 _aKNG00194721000
040 _aBLK
041 _aBUL
_cBUL
080 _aСемейно право. Наследствено право. - Семейство, женитба, брак, права и задължения на съпрузите, разторгване на брак и др.
_b347.6
_x
_z347.6
080 _aБългарска литература
_b821.163.2
_x-4
_z821.163.2-4
100 1 _aКонстантинов, Димитър Иванов
_eпърви автор
_9384299
139 _aКонстантинов, Димитър Иванов
_bК 82
245 1 0 _aМъже на изпитание
_bОчерци
_cДимитър Иванов Константинов.
257 _aBGR
260 София
_bПрофиздат
_c1984
300 _a112 с.
_c21 см
380 _a3
500 _a181 151 тир.
650 4 _aСемейство и брак - България - правни въпроси
_9250195
653 _aсемейство
653 _aбракове
653 _aправни въпроси
653 _aочерци
852 _aЦб 124827
856 4 _qpdf
_u
856 4 _qpdf
_u
942 _cKNG
_n0
944 _aCR
_c28.10.2016
_kЕлица_Владова
944 _aED
_c28.10.2016
_kЕлица_Владова
999 _c185727
_d185727